000 00327pab a2200145 454500
008 180718b2004 xxu||||| |||| 00| 0 eng d
100 _aLal, A.K.
245 _aNation building through NHDP
260 _c2004
300 _ap.46-53.
362 _aJul-Sep
650 _aNation building
773 _aNagarlok
909 _a63024
999 _c63024
_d63024